La mariposa ; (Record no. 160980)

MARC details
000 -LEADER
campo de control de longitud fija 01954nam a22004335i 4500
001 - NÚMERO DE CONTROL
campo de control 160980
003 - IDENTIFICADOR DE NÚMERO DE CONTROL
campo de control ES-MaACL
005 - FECHA Y HORA DE LA ÚLTIMA TRANSACCIÓN
campo de control 20250804062647.0
008 - DATOS DE LONGITUD FIJA--INFORMACIÓN GENERAL
campo de control de longitud fija 950206s1886 sp a |||| | spa d
080 ## - NÚMERO DE LA CLASIFICACIÓN DECIMAL UNIVERSAL
Número de la Clasificación Decimal Universal 821.134.1-31"18"
080 ## - NÚMERO DE LA CLASIFICACIÓN DECIMAL UNIVERSAL
Número de la Clasificación Decimal Universal 821.134.1-32"18"
100 1# - ENTRADA PRINCIPAL--NOMBRE DE PERSONA
Nombre de persona Oller, Narcís,
Fechas asociadas al nombre 1846-1930
Término indicativo de función/relación Autor
9 (RLIN) 86912
245 13 - MENCIÓN DEL TÍTULO
Título La mariposa ;
Resto del título El chico del panadero ; El trasplantado ; Recuerdos de niño ; Angustia ; Una visita ; El bofetón ; Mi jardín ; La peor pobreza /
Mención de responsabilidad, etc. Narciso Oller ; novelas traducidas del catalán por Felipe B. Navarro ; precedidas de un estudio del mismo y una carta-prólogo por E. Zola ; ilustración de D. Baixeras.
246 1# - FORMA VARIANTE DEL TITULO
Título propio/Titulo breve Recuerdos de niño
246 1# - FORMA VARIANTE DEL TITULO
Título propio/Titulo breve Angustia
246 1# - FORMA VARIANTE DEL TITULO
Título propio/Titulo breve Mi jardín
260 ## - PUBLICACIÓN, DISTRIBUCIÓN, ETC.
Lugar de publicación, distribución, etc. Barcelona :
Nombre del editor, distribuidor, etc. Daniel Cortezo y Cª,
Fecha de publicación, distribución, etc. 1886.
300 ## - DESCRIPCIÓN FÍSICA
Extensión XIII, 367 páginas :
Otras características físicas ilustraciones ;
Dimensiones 20 cm.
490 1# - MENCIÓN DE SERIE
Mención de serie Biblioteca "Arte y letras"
530 ## - NOTA DISPONIBLE DE FORMULARIO FÍSICO ADICIONAL
Nota de formato físico adicional disponible Disponible en formato digital
655 #0 - TERMINO DE INDIZACIÓN--GENERO/FORMA
Datos o término principal de género/forma Novelas
9 (RLIN) 234319
700 1# - ENTRADA AGREGADA--NOMBRE PERSONAL
Nombre de persona Navarro, Felipe Benicio,
Fechas asociadas al nombre 1840-1901
Término indicativo de función/relación Traductor
9 (RLIN) 85065
700 1# - ENTRADA AGREGADA--NOMBRE PERSONAL
Nombre de persona Zola, Émile,
Fechas asociadas al nombre 1840-1902
Término indicativo de función/relación Autor de introducción
9 (RLIN) 118331
700 1# - ENTRADA AGREGADA--NOMBRE PERSONAL
Nombre de persona Baixeras, Dionisio,
Fechas asociadas al nombre 1861-1943
Término indicativo de función/relación Ilustrador
9 (RLIN) 171869
740 32 - ENTRADA AGREGADA--TÍTULO RELACIONADO/ANALÍTICO NO CONTROLADO
Título relacionado o analítico no controlado La mariposa : novelas sueltas
740 32 - ENTRADA AGREGADA--TÍTULO RELACIONADO/ANALÍTICO NO CONTROLADO
Título relacionado o analítico no controlado El chico del panadero
740 32 - ENTRADA AGREGADA--TÍTULO RELACIONADO/ANALÍTICO NO CONTROLADO
Título relacionado o analítico no controlado El trasplantado
740 42 - ENTRADA AGREGADA--TÍTULO RELACIONADO/ANALÍTICO NO CONTROLADO
Título relacionado o analítico no controlado Una visita
740 32 - ENTRADA AGREGADA--TÍTULO RELACIONADO/ANALÍTICO NO CONTROLADO
Título relacionado o analítico no controlado El bofetón
740 32 - ENTRADA AGREGADA--TÍTULO RELACIONADO/ANALÍTICO NO CONTROLADO
Título relacionado o analítico no controlado La peor pobreza
830 #0 - PUNTO DE ACCESO ADICIONAL DE SERIE-TÍTULO UNIFORME
Título uniforme Biblioteca "Arte y letras"
9 (RLIN) 180874
852 ## - LOCALIZACIÓN
Ubicación ES-MaACL
Ubicación en estantería Sala Pardo Bazán
Número de control de estantería B-718
Encuadernación Enc. editorial en tela grabada cromolit.
852 ## - LOCALIZACIÓN
Ubicación ES-MaACL
Ubicación en estantería Depósito 2
Donativo/Legado Legado M. de Lafuente
Número de control de estantería E-13160
Encuadernación Enc. editorial en tela grabada cromolit.
856 ## - LOCALIZACIÓN Y ACCESO ELECTRÓNICOS
Identificador Uniforme de Recursos <a href="https://bdh-rd.bne.es/viewer.vm?id=0000187561&page=1">https://bdh-rd.bne.es/viewer.vm?id=0000187561&page=1</a>
Texto de enlace Versión en línea
Nota pública (Biblioteca Digital Hispánica)
856 ## - LOCALIZACIÓN Y ACCESO ELECTRÓNICOS
Identificador Uniforme de Recursos <a href="https://archive.org/details/oller-la-mariposa-1886/page/n7/mode/2up">https://archive.org/details/oller-la-mariposa-1886/page/n7/mode/2up</a>
Texto de enlace Versión en línea
Nota pública (Internet Archive)
942 ## - ELEMENTOS DE ENTRADA SECUNDARIOS (KOHA)
Fuente del sistema de clasificación o colocación Clasificación decimal universal
Tipo de ítem Koha Libro impreso antiguo
Suprimir en OPAC No
Holdings
Estatus retirado Estado de pérdida Fuente del sistema de clasificación o colocación Estado de daño No para préstamo Colección Biblioteca de origen Biblioteca actual Ubicación en estantería Fecha de adquisición Fuente de adquisición Total de préstamos Signatura topográfica completa Código de barras Visto por última vez Tipo de ítem Koha
    Clasificación decimal universal     Libros del s. XIX Biblioteca del Ateneo de Madrid Biblioteca del Ateneo de Madrid Depósito 2 17/01/2008 Legado   E-13160 1168592 23/02/2023 Libro impreso antiguo
    Clasificación decimal universal     Colección digital Biblioteca del Ateneo de Madrid Biblioteca del Ateneo de Madrid Sala Pardo Bazán 17/01/2008     B-718 1168591 23/02/2023 Libro impreso antiguo